| 000 | 00726nam a22002177a 4500 | ||
|---|---|---|---|
| 005 | 20251108170932.0 | ||
| 008 | 250721s1996 xx 000 0 ara d | ||
| 020 | _a9771008293 | ||
| 082 | 1 | 4 | _aط/599.4/غني |
| 100 | 1 | _aغنيم، كارم السيد | |
| 245 | 1 | 0 |
_aالخفاش : طيار المساء مصاص الدماء : _bطيار الماء و مصاص الدماء / |
| 264 | 1 |
_aالقاهره : _bدار الفكر العربي، _c1996. |
|
| 300 | _a40ص. | ||
| 490 | 0 | _aالتمساح للفتيان | |
| 650 | 1 | 7 | _aالخفاشيات |
| 650 | 1 | 7 | _aالثدييات |
| 650 | 1 | 7 | _aالخفاشيات (رتبة) |
| 653 | _aناشئون صغار (10-14 سنة) | ||
| 942 |
_2ddc _cBK |
||
| 999 |
_c52502 _d52502 |
||